000 00516nam a22001937a 4500
003 OSt
005 20250523131634.0
008 250519b |||||||| |||| 00| 0 eng d
020 _a9789386006684
040 _cddc
082 _a530
100 _aClement I
_9320
245 _aPhysics for DMLT & Paramedical Courses
_cClement I
250 _a2nd.
260 _aBangaslore
_bEmmess Medical Publishers
_c2024
650 _vOccupational Therapy
_xPhysics for DMLT & Paramedical
942 _cBK
_2ddc
999 _c249280
_d249280